| 000 | 00563cam a22002171 4500 | ||
|---|---|---|---|
| 001 | sa 66000525 | ||
| 003 | DLC | ||
| 005 | 20260227112215.0 | ||
| 008 | 960924s195u pk 000 0 pusr | ||
| 010 | _asa 66000525 | ||
| 025 | _aPL480:P-Pushto-140 | ||
| 035 | _a(OCoLC)35625650 | ||
| 040 |
_aDLC _cCLU _dCLU _dDLC |
||
| 042 | _apremarc | ||
| 050 | 0 | 0 |
_aPK6820.N8 _bD8 |
| 100 | 0 | _aNūr al-Bashar. | |
| 245 | 0 | 0 |
_aDurrāj, _cauthor Nūr al-Bashar. |
| 260 |
_aPishāwar, _bʻAbd al-Ḥakīm end Sạnz _c[195-?] |
||
| 300 |
_a67 p. _c25 cm. |
||
| 500 | _aPoems. | ||
| 999 |
_c67300 _d67300 |
||